| 000 | 00526nam a2200181 i 4500 | ||
|---|---|---|---|
| 001 | 89818 | ||
| 003 | ES-MaACL | ||
| 005 | 20230906180256.0 | ||
| 007 | t| | ||
| 008 | 050113s1969 sp ||||1| spa d | ||
| 100 | 1 |
_aLauri-Volpi, Giacomo. _970650 |
|
| 245 | 1 | 3 |
_aLa voz de Cristo / _cGiacomo Lauri-Volpi ; traducción de Andrés Travesi. |
| 260 |
_aMadrid : _bPrensa Española, _c1969. |
||
| 300 |
_a222 p. ; _c21 cm. |
||
| 700 | 1 |
_aTravesi, Andrés. _9187421 |
|
| 852 |
_aES-MaACL _jC-36782 _bR.71018 |
||
| 999 |
_c89818 _d89818 |
||